Devine le film - Statistiques

Statistiques générales
  • Ce quiz a été pris 96 fois
  • Le résultat moyen est 6 sur 16
Statistiques - réponses
Par images Réponse % Correct
Coco
93%
Suicide squad
69%
La la land
60%
A star is born
56%
Princesse mononoké
51%
Logan
43%
Passengers
38%
Le chant du loup
37%
La méthode williams
31%
Little women
24%
Tyler rake
21%
Me before you
14%
The fault in our stars
14%
Hidden figures
11%
Waves
7%
Life in a year
6%
Aucun quiz correspondant
Distribution des résultats
% des personnes avec chaque résultat
Percentile par nombre de réponses
Votre historique - résultats
Vous n’avez pas pris ce quiz